000
00341pab a2200157 454500
008
180718b1996 xxu||||| |||| 00| 0 eng d
100
_a
Rao, K. Vijay Rama
245
_a
People's police?
260
_c
1996
300
_a
p.M-1
362
_a
15 Dec
650
_a
Police - India
650
_a
Police
773
_a
Tribune
909
_a
33625
999
_c
33625
_d
33625